000
00315 a2200157 4500
001
161037
020
_a
040
_c
Magnum
100
_a
RennĂ³, Regina Coeli
240
1
0
_a
Pe o pato diferente
_l
por
245
1
0
_a
Pe o pato diferente
362
0
_a
1899
440
1
_a
FTD
697
_a
I/GERAL
942
_c
BK
999
_c
161037
_d
161037